|
|
|
|
| LEADER |
00000naa a2200000uu 4500 |
| 001 |
vtls011089848 |
| 003 |
SK-MaSNL |
| 005 |
20260302110006.0 |
| 008 |
210909|1997 xo |||||||||||||||||slo| |
| 015 |
|
|
|a SNBRA
|
| 035 |
|
|
|a (urnnbn)urn:nbn:sk:snk:ar-a0cpi1
|
| 035 |
|
|
|a (uuid)7ac7ed36-e2b9-4eba-be19-45ce60075cd1
|
| 035 |
|
|
|a urn:nbn:sk:snk-aavv9l
|
| 040 |
|
|
|a SNKBUCL
|b slo
|c SNKBUCL
|e AACR2
|
| 041 |
0 |
|
|a slo
|
| 044 |
|
|
|a xo
|c SK
|
| 100 |
1 |
|
|a Ďurčík, Vladimír
|c (filozof)
|4 aut
|9 187745
|
| 245 |
1 |
0 |
|a HĽADANIE NOVÝCH VÝCHODÍSK V RIEŠENÍ GLOBÁLNYCH PROBLÉMOV ĽUDSTVA - NIE EGOIZMU, ÁNO SOLIDARITE
|c Vladimír Ďurčík
|
| 773 |
0 |
|
|t Myslime (a žime), aby sme boli
|d Zvolen : Ústav pre výchovu a vzdelávanie pracovníkov LVH SR], 1997, 1997
|g S. 145-150
|z 8088677521
|
| 958 |
|
|
|a OND
|
| 958 |
|
|
|a article12
|
| 958 |
|
|
|a chapter
|
| 999 |
|
|
|c 1241213
|d 1243143
|